[Event "ch-IRL 2014"]
[Site "Dublin IRL"]
[Date "2014.07.05"]
[Round "1.1"]
[White "Freeman, Gordon"]
[Black "Collins, Sam E."]
[Result "0-1"]
[BlackTitle "IM"]
[WhiteElo "2077"]
[BlackElo "2488"]
[WhiteFideId "2501309"]
[BlackFideId "2501198"]
[EventDate "2014.07.05"]
[EventType "swiss"]

1. e4 e5 2. Nf3 Nc6 3. Bc4 Bc5 4. O-O d6 5. c3 Nf6 6. d4 Bb6 7. dxe5 Nxe5 8.
Nxe5 dxe5 9. Qxd8+ Kxd8 10. Bg5 Ke7 11. Nd2 Be6 12. Rfd1 Rhd8 13. Kf1 Rxd2 14.
Rxd2 Bxc4+ 15. Ke1 h6 16. Bxf6+ Kxf6 17. b3 Be6 18. b4 a5 19. a4 Ke7 20. g3 g5
21. b5 Rh8 22. Rc1 h5 23. c4 Bc5 24. Ke2 g4 25. Rd3 Rf8 26. Rd2 f5 27. exf5 Rxf5
28. Kd3 Rf3+ 29. Ke4 Bxf2 30. Rcd1 Re3# 0-1

[Event "ch-IRL 2014"]
[Site "Dublin IRL"]
[Date "2014.07.05"]
[Round "1.2"]
[White "Fitzsimons, David"]
[Black "Fox, Anthony"]
[Result "1-0"]
[WhiteTitle "FM"]
[WhiteElo "2351"]
[BlackElo "2059"]
[WhiteFideId "2501961"]
[BlackFideId "2500736"]
[EventDate "2014.07.05"]
[EventType "swiss"]

1. Nf3 d5 2. c4 e6 3. g3 Nf6 4. Bg2 Be7 5. O-O O-O 6. b3 c5 7. Bb2 Nc6 8. e3 d4
9. exd4 cxd4 10. Re1 Ne8 11. Ne5 Nxe5 12. Rxe5 f6 13. Re1 e5 14. Ba3 Bxa3 15.
Nxa3 Nc7 16. Rc1 Rb8 17. c5 b5 18. cxb6 axb6 19. f4 exf4 20. Qf3 Re8 21. Rxe8+
Nxe8 22. Qxf4 Bb7 23. Bxb7 Rxb7 24. Nb5 Rd7 25. a4 Rd5 26. Qe4 Qd7 27. Rc8 Re5
28. Qc6 Qxc6 29. Rxc6 d3 30. Nc3 Rc5 31. Rxc5 bxc5 32. Nb5 f5 33. a5 Nf6 34. a6
Nd5 35. a7 Nb6 36. Nc7 1-0

[Event "ch-IRL 2014"]
[Site "Dublin IRL"]
[Date "2014.07.05"]
[Round "1.3"]
[White "Benson, Oisin P."]
[Black "Brady, Stephen"]
[Result "0-1"]
[BlackTitle "FM"]
[WhiteElo "2040"]
[BlackElo "2338"]
[WhiteFideId "2501821"]
[BlackFideId "2500124"]
[EventDate "2014.07.05"]
[EventType "swiss"]

1. d4 e6 2. c4 Nf6 3. Nc3 Bb4 4. e3 b6 5. a3 Bxc3+ 6. bxc3 Bb7 7. Ne2 O-O 8. Ng3
c5 9. Bd3 Nc6 10. O-O Rc8 11. e4 d6 12. f4 cxd4 13. cxd4 Nxd4 14. e5 dxe5 15.
fxe5 Ne8 16. Rf4 Nf5 17. Qc2 g6 18. Nxf5 exf5 19. Bb2 Ng7 20. Raf1 Qe7 21. Qf2
Rcd8 22. Qe3 Ne6 23. Qg3 Qc5+ 24. Kh1 Nxf4 25. Rxf4 Be4 26. Bf1 Rd1 27. h4 Qxc4
28. Kg1 Qd3 29. Qg5 Qe3+ 30. Kh2 h6 31. Qxh6 Rxf1 0-1

[Event "ch-IRL 2014"]
[Site "Dublin IRL"]
[Date "2014.07.05"]
[Round "1.4"]
[White "Daly, Colm"]
[Black "Butler, Kevin"]
[Result "1-0"]
[WhiteTitle "FM"]
[WhiteElo "2333"]
[BlackElo "2026"]
[WhiteFideId "2500434"]
[BlackFideId "2501538"]
[EventDate "2014.07.05"]
[EventType "swiss"]

1. d4 Nf6 2. Nf3 g6 3. c4 Bg7 4. Nc3 O-O 5. e4 d6 6. Be2 e5 7. O-O Nc6 8. d5 Ne7
9. Bg5 h6 10. Bxf6 Bxf6 11. b4 Bg7 12. c5 f5 13. Nd2 a6 14. f3 f4 15. Nc4 g5 16.
a4 Ng6 17. cxd6 cxd6 18. a5 Rf7 19. Nb6 Rb8 20. Rc1 Rc7 21. Nca4 Nf8 22. Qb3 Bd7
23. b5 axb5 24. Bxb5 Bf6 25. Qb2 Bxb5 26. Qxb5 h5 27. h3 Rg7 28. Qe2 g4 29. fxg4
hxg4 30. hxg4 Bh4 31. Rc3 Bg3 32. Rfc1 Qh4 33. Qf3 Rxg4 34. Kf1 Rg7 35. Ke2 Qh7
36. Kd2 Bh4 37. Kc2 Rg3 38. Qe2 Bg5 39. Rf1 Rxc3+ 40. Nxc3 Re8 41. Qg4 Qg6 42.
Rh1 Bd8 43. Qxg6+ Nxg6 44. Nc4 Be7 45. Rb1 Nh4 46. Rxb7 Nxg2 47. a6 f3 48. a7 f2
49. Nd2 Bg5 50. Rb8 Bxd2 51. Rxe8+ Kg7 52. a8=Q f1=Q 53. Rg8+ Kh6 54. Rh8+ 1-0

[Event "ch-IRL 2014"]
[Site "Dublin IRL"]
[Date "2014.07.05"]
[Round "1.5"]
[White "Palmer, Bernard"]
[Black "Jessel, Stephen"]
[Result "1/2-1/2"]
[BlackTitle "FM"]
[WhiteElo "2026"]
[BlackElo "2321"]
[WhiteFideId "2500701"]
[BlackFideId "628859"]
[EventDate "2014.07.05"]
[EventType "swiss"]

1. d4 e6 2. e4 d5 3. exd5 exd5 4. Bd3 Bd6 5. Nc3 c6 6. Nf3 Nf6 7. Bg5 O-O 8. O-O
Bg4 9. h3 Bh5 10. g4 Bg6 11. Ne5 Qb6 12. Bxg6 fxg6 13. Qd3 Nbd7 14. Nxd7 Nxd7
15. Rae1 Rf7 16. Re6 Qc7 17. Kg2 Nf8 18. Re2 Bf4 19. Bh4 g5 20. Bg3 Ng6 21. Rfe1
Raf8 22. Re8 Bd6 23. Rxf8+ Rxf8 24. Nd1 Nh4+ 25. Bxh4 gxh4 26. Re6 Qd7 27. Re2
Bb8 28. Qe3 Qc7 29. Qe6+ Kh8 30. Re5 g6 31. Qe7 Rf7 32. Qxh4 Qd7 33. Re2 Kg8 34.
f3 Bc7 35. Qe1 Kg7 36. Nf2 Qd6 37. Re5 Qf6 38. Qe2 Bxe5 39. dxe5 Qe6 40. Nd3 b6
41. f4 d4 42. Qe4 c5 43. b3 Rc7 44. f5 gxf5 45. gxf5 Qc6 46. Kf3 c4 47. Nb4
Qxe4+ 48. Kxe4 cxb3 49. cxb3 a5 50. Nd5 Rc2 51. Nxb6 Rxa2 52. Nc4 a4 53. bxa4
Rxa4 54. Kxd4 Ra1 55. Kd5 Rh1 56. Ke6 Rxh3 57. f6+ Kg6 58. f7 Rf3 59. Nd6 h5 60.
Ke7 h4 61. f8=Q Rxf8 62. Kxf8 h3 63. e6 h2 64. e7 1/2-1/2

[Event "ch-IRL 2014"]
[Site "Dublin IRL"]
[Date "2014.07.05"]
[Round "1.6"]
[White "Redmond, John P."]
[Black "MacElligott, Gerard"]
[Result "1-0"]
[BlackTitle "CM"]
[WhiteElo "2259"]
[BlackElo "2013"]
[WhiteFideId "2500051"]
[BlackFideId "2500647"]
[EventDate "2014.07.05"]
[EventType "swiss"]

1. Nf3 c5 2. c4 Nc6 3. d4 cxd4 4. Nxd4 g6 5. g3 Bg7 6. Nc2 d6 7. Bg2 Be6 8. Ne3
Qd7 9. Nd2 Rc8 10. Rb1 Nf6 11. O-O d5 12. Nb3 Nb4 13. Nd4 dxc4 14. Nxe6 fxe6 15.
Qxd7+ Nxd7 16. Bd2 Nxa2 17. Nd1 Nc5 18. Ra1 Nb3 19. Rxa2 Nxd2 20. Re1 b5 21.
Rxa7 b4 22. Bh3 c3 23. bxc3 bxc3 24. Ne3 Bd4 25. Ra2 Bxe3 26. fxe3 Nc4 27. Bxe6 1-0

[Event "ch-IRL 2014"]
[Site "Dublin IRL"]
[Date "2014.07.05"]
[Round "1.7"]
[White "O'Rourke, Ray"]
[Black "Short, Philip M"]
[Result "0-1"]
[BlackTitle "FM"]
[WhiteElo "1997"]
[BlackElo "2274"]
[WhiteFideId "2501023"]
[BlackFideId "2500086"]
[EventDate "2014.07.05"]
[EventType "swiss"]

1. d4 Nf6 2. Nf3 g6 3. Bf4 Bg7 4. Nbd2 O-O 5. e4 d6 6. h3 Nc6 7. d5 Nb8 8. c3 e5
9. Bg5 h6 10. Be3 Nh5 11. g3 Qe8 12. Be2 f5 13. exf5 gxf5 14. Nh4 Nf6 15. Qb3 a5
16. c4 a4 17. Qc2 a3 18. Rb1 Nh7 19. Ndf3 axb2 20. Rxb2 Na6 21. Qd2 Rf6 22. O-O
Nc5 23. Bxc5 dxc5 24. Rb5 b6 25. Kh2 Bd7 26. Rbb1 Rd6 27. Qc2 Qf7 28. Nd2 e4 29.
f4 Ra6 30. Nb3 Qe8 31. g4 fxg4 32. hxg4 Qe7 33. Ng2 Rg6 34. f5 Rg5 35. Qc1 Rxa2
36. Qe3 Nf6 37. Rf4 Qe5 38. Kh1 Bf8 39. Nc1 Ra1 40. Rxa1 Qxa1 41. Nh4 Bd6 42.
Rf1 Qe5 43. Qh3 Qg3 44. Qxg3 Bxg3 45. Ng6 Nxg4 46. Bxg4 Rxg4 47. Rg1 Rg5 48. Ne2
Bd6 0-1

[Event "ch-IRL 2014"]
[Site "Dublin IRL"]
[Date "2014.07.05"]
[Round "1.8"]
[White "O'Cinneide, Mel"]
[Black "Cafolla, Peter"]
[Result "1-0"]
[WhiteElo "2227"]
[BlackElo "1994"]
[WhiteFideId "2500620"]
[BlackFideId "2500884"]
[EventDate "2014.07.05"]
[EventType "swiss"]

1. Nf3 d5 2. g3 e6 3. c4 c5 4. cxd5 exd5 5. d4 Nc6 6. Bg2 Nf6 7. O-O Be7 8. Nc3
O-O 9. Bg5 c4 10. Ne5 Be6 11. b3 Rc8 12. Qd2 Ne8 13. Bxe7 Nxe7 14. bxc4 dxc4 15.
Bxb7 Rc7 16. Bg2 f6 17. Nf3 Nd6 18. d5 Bd7 19. Qf4 Nec8 20. Nd4 g5 21. Qd2 Nf5
22. Nxf5 Bxf5 23. f4 Nd6 24. e4 Bg6 25. e5 Nf5 26. d6 Rc5 27. Nd5 c3 28. Qf2 Qa5
29. Ne7+ Nxe7 30. dxe7 Rb8 31. Rad1 Qb6 32. Rd8+ Rxd8 33. exd8=Q+ Qxd8 34. Qxc5 1-0

[Event "ch-IRL 2014"]
[Site "Dublin IRL"]
[Date "2014.07.05"]
[Round "1.9"]
[White "Reynolds, Pat"]
[Black "Wallace, Paul"]
[Result "0-1"]
[WhiteElo "1990"]
[BlackElo "2170"]
[WhiteFideId "2501392"]
[BlackFideId "2500892"]
[EventDate "2014.07.05"]
[EventType "swiss"]

1. d4 Nf6 2. Bg5 Ne4 3. Bf4 c5 4. f3 Qa5+ 5. c3 Nf6 6. d5 d6 7. e4 g6 8. a4 Bg7
9. Na3 O-O 10. Nc4 Qd8 11. Bd3 Nh5 12. Bg5 h6 13. Be3 e6 14. dxe6 Bxe6 15. Ne2
d5 16. Nd2 d4 17. cxd4 cxd4 18. Bf2 Nc6 19. O-O Qf6 20. Nb3 Rad8 21. Nc5 Bc8 22.
Bb1 Ne5 23. Bxd4 Nf4 24. Nb3 Be6 25. Nxf4 Qxf4 26. g3 Bxb3 27. gxf4 Bxd1 28.
Bxe5 Bxe5 29. fxe5 Be2 30. Re1 Bxf3 31. Kf2 Bg4 32. Ba2 Rfe8 33. Kg3 Be6 34. Kf4
g5+ 35. Ke3 Bxa2 36. Rxa2 Rxe5 37. Raa1 f5 38. Kf3 Rde8 39. Rad1 Rxe4 40. Rxe4
Rxe4 41. Rd7 Rb4 42. Rd5 Rb3+ 0-1

[Event "ch-IRL 2014"]
[Site "Dublin IRL"]
[Date "2014.07.05"]
[Round "1.10"]
[White "McMahon, Daire"]
[Black "Bourached, Anthony"]
[Result "1-0"]
[WhiteTitle "FM"]
[WhiteElo "2153"]
[BlackElo "1965"]
[WhiteFideId "2500477"]
[BlackFideId "2504456"]
[EventDate "2014.07.05"]
[EventType "swiss"]

1. d4 Nf6 2. c4 e6 3. Nc3 Bb4 4. Nf3 O-O 5. Bg5 d5 6. e3 b6 7. Bd3 Ba6 8. cxd5
Bxd3 9. Qxd3 exd5 10. O-O Be7 11. Rac1 c6 12. h3 Ne4 13. Bf4 f5 14. Ne5 g5 15.
Bh2 Bd6 16. Ne2 Bc7 17. f3 Bxe5 18. Bxe5 Nd6 19. Ng3 Nc4 20. Rxc4 dxc4 21. Nxf5
Rxf5 22. Qxf5 Nd7 23. Qe6+ Kf8 24. f4 1-0

[Event "ch-IRL 2014"]
[Site "Dublin IRL"]
[Date "2014.07.05"]
[Round "1.13"]
[White "King, Melvyn"]
[Black "O'Connell, Gerard"]
[Result "0-1"]
[WhiteElo "1874"]
[BlackElo "2132"]
[WhiteFideId "2503379"]
[BlackFideId "2500493"]
[EventDate "2014.07.05"]
[EventType "swiss"]

1. e4 c5 2. Nc3 Nc6 3. f4 g6 4. Nf3 Bg7 5. Bb5 Nd4 6. Bd3 d6 7. Nxd4 cxd4 8. Ne2
Nf6 9. c3 dxc3 10. dxc3 O-O 11. Nd4 e5 12. Nf3 exf4 13. Bxf4 Re8 14. Qe2 Bf5 15.
O-O-O Nxe4 16. Qc2 d5 17. h3 Rc8 18. g4 Nxc3 19. gxf5 Nxa2+ 20. Kb1 Rxc2 21.
Bxc2 Qb6 0-1

[Event "ch-IRL 2014"]
[Site "Dublin IRL"]
[Date "2014.07.05"]
[Round "1.14"]
[White "Harding, Tim D"]
[Black "Loughran, John"]
[Result "1-0"]
[WhiteElo "2126"]
[BlackElo "1872"]
[WhiteFideId "2500256"]
[BlackFideId "2501562"]
[EventDate "2014.07.05"]
[EventType "swiss"]

1. d4 d5 2. c4 Bf5 3. Nf3 e6 4. Nc3 c6 5. Qb3 Qb6 6. c5 Qxb3 7. axb3 Nf6 8. Bf4
Nbd7 9. b4 a6 10. b5 cxb5 11. Nxb5 Rc8 12. Nd6+ Bxd6 13. Bxd6 Ne4 14. Bg3 h6 15.
e3 O-O 16. Be2 Rfe8 17. O-O Nxg3 18. hxg3 e5 19. b4 Bg4 20. dxe5 Nxe5 21. Rfd1
Nxf3+ 22. Bxf3 Bxf3 23. gxf3 Red8 24. Rd4 Kf8 25. g4 Ke7 26. f4 Rc6 27. Kg2 Re6
28. Kf3 b6 29. Rxa6 bxc5 30. Ra7+ Ke8 31. bxc5 Rc6 32. Ra5 Ke7 33. f5 g6 34.
fxg6 Rf6+ 35. Ke2 Rxg6 36. Rf4 Rd7 37. Kd3 Rc6 38. Kd4 Re6 39. Ra1 Ke8 40. Rc1
Rg6 41. f3 Ke7 42. Rf5 Re6 43. Rc3 Rc6 44. Re5+ Kf8 45. Rxd5 Re7 46. Rd6 Rec7
47. Rxc6 Rxc6 48. Kd5 Ra6 49. c6 1-0

[Event "ch-IRL 2014"]
[Site "Dublin IRL"]
[Date "2014.07.05"]
[Round "1.15"]
[White "Twomey, Pat"]
[Black "O'Donnell, Conor"]
[Result "0-1"]
[WhiteElo "1872"]
[BlackElo "2122"]
[WhiteFideId "2501937"]
[BlackFideId "2504243"]
[EventDate "2014.07.05"]
[EventType "swiss"]

1. e3 f5 2. c4 Nf6 3. d4 e6 4. Nc3 Bb4 5. Bd2 b6 6. Be2 Bxc3 7. Bxc3 Ne4 8. Qc2
Bb7 9. Bf3 O-O 10. Ne2 Qh4 11. g3 Qe7 12. O-O d6 13. Bg2 Nd7 14. b3 g5 15. Bb2
g4 16. Rad1 Ndf6 17. Nf4 Rf7 18. h4 gxh3 19. Bxh3 Ng5 20. Bg2 Nf3+ 21. Bxf3 Bxf3
22. Ng2 Ne4 23. Nh4 Bxd1 24. Qxd1 Rg7 25. Nf3 Rf8 26. Kg2 Rf6 27. Rh1 Rfg6 28.
Rh3 h6 29. Nh4 Rg4 30. Nf3 Qf6 31. Qh1 Rh7 32. Ba1 Kf7 33. Ne1 f4 34. exf4 Qxf4
35. Nd3 Qd2 36. Qf1 Rhg7 37. Kh1 Qg5 38. Rh2 Qf5 39. Nf4 Rxg3 40. Ng2 Nxf2+ 41.
Kg1 Rf3 0-1

[Event "ch-IRL 2014"]
[Site "Dublin IRL"]
[Date "2014.07.06"]
[Round "2.1"]
[White "Collins, Sam E."]
[Black "O'Cinneide, Mel"]
[Result "1-0"]
[WhiteTitle "IM"]
[WhiteElo "2488"]
[BlackElo "2227"]
[WhiteFideId "2501198"]
[BlackFideId "2500620"]
[EventDate "2014.07.05"]
[EventType "swiss"]

1. Nf3 Nf6 2. c4 c5 3. Nc3 g6 4. d4 cxd4 5. Nxd4 Bg7 6. e4 d6 7. Be2 Nc6 8. Nc2
O-O 9. O-O a6 10. Be3 Bd7 11. f3 Rb8 12. Rb1 Ne5 13. a4 Qc7 14. Na3 Rfc8 15. Qd2
h5 16. h3 Be6 17. b3 Qa5 18. b4 Qd8 19. Nd5 b6 20. Rfc1 Ned7 21. Nc2 Ne5 22. Nd4
Bd7 23. b5 axb5 24. axb5 Nxd5 25. cxd5 f5 26. Nc6 Qe8 27. Rb4 Kh7 28. f4 Nf7 29.
exf5 Bxf5 30. Nxb8 Rxb8 31. Rc7 Ra8 32. Bd4 Bh6 33. Qe3 e5 34. dxe6 Bxe6 35. Bf6
Kg8 36. Re7 1-0

[Event "ch-IRL 2014"]
[Site "Dublin IRL"]
[Date "2014.07.06"]
[Round "2.2"]
[White "Wallace, Paul"]
[Black "Fitzsimons, David"]
[Result "1/2-1/2"]
[BlackTitle "FM"]
[WhiteElo "2170"]
[BlackElo "2351"]
[WhiteFideId "2500892"]
[BlackFideId "2501961"]
[EventDate "2014.07.05"]
[EventType "swiss"]

1. e4 c5 2. Nf3 Nc6 3. d4 cxd4 4. Nxd4 Nf6 5. Nc3 e5 6. Ndb5 d6 7. Bg5 a6 8. Na3
b5 9. Nd5 Be7 10. Bxf6 Bxf6 11. c3 Ne7 12. Nxe7 Bxe7 13. g3 Bb7 14. Bg2 f5 15.
O-O fxe4 16. Qg4 O-O 17. Bxe4 d5 18. Rad1 Bxa3 19. Qe6+ Kh8 20. bxa3 Qc7 21.
Bxd5 Rae8 22. Qg4 Bxd5 23. Rxd5 Qxc3 24. a4 e4 25. Rf5 Rxf5 26. Qxf5 b4 27. Qd7
Rc8 28. Rd1 h6 29. Qe7 Qc2 30. Rd7 Qb1+ 31. Kg2 Rg8 32. Qf7 Qc2 33. Re7 Qxa4 34.
Rxe4 a5 35. Qd5 Rf8 36. Qc5 Rb8 37. Qc7 Qb5 38. Re5 Qb7+ 39. Qxb7 Rxb7 40. Rxa5
b3 41. axb3 Rxb3 42. h4 1/2-1/2

[Event "ch-IRL 2014"]
[Site "Dublin IRL"]
[Date "2014.07.06"]
[Round "2.3"]
[White "Brady, Stephen"]
[Black "McMahon, Daire"]
[Result "1-0"]
[WhiteTitle "FM"]
[BlackTitle "FM"]
[WhiteElo "2338"]
[BlackElo "2153"]
[WhiteFideId "2500124"]
[BlackFideId "2500477"]
[EventDate "2014.07.05"]
[EventType "swiss"]

1. e4 e5 2. Nf3 Nc6 3. Bc4 Nf6 4. d3 Be7 5. c3 O-O 6. O-O d6 7. Bb3 Na5 8. Bc2
c5 9. d4 Qc7 10. h3 Bd7 11. Nbd2 cxd4 12. cxd4 Rac8 13. Bd3 Nc6 14. Nb3 Nb4 15.
Be3 Nxd3 16. Qxd3 d5 17. Rac1 Qd8 18. Rxc8 Qxc8 19. Rc1 Qd8 20. Nxe5 dxe4 21.
Qc2 Bf5 22. Qc7 Nd5 23. Qxb7 Bb4 24. Nc6 Qb6 25. Qxb6 axb6 26. Nxb4 Nxb4 27. a3
Nd3 28. Rc2 Be6 29. Nc1 Nxc1 30. Rxc1 Rc8 31. Rxc8+ Bxc8 32. Kf1 Kf8 33. d5 b5
34. Bc5+ Ke8 35. Ke2 Bb7 36. d6 Kd7 37. Ke3 Ke6 38. g3 Bc6 39. Kd4 f5 40. h4 h6
41. Bb4 g5 42. Kc5 Bd7 43. hxg5 hxg5 44. Bd2 g4 45. Bf4 Be8 46. b3 Bd7 47. Kb4
Kd5 48. a4 bxa4 49. bxa4 Be8 50. a5 Bd7 51. a6 Bc6 52. Ka5 Ke6 53. Kb4 1-0

[Event "ch-IRL 2014"]
[Site "Dublin IRL"]
[Date "2014.07.06"]
[Round "2.4"]
[White "O'Connell, Gerard"]
[Black "Daly, Colm"]
[Result "1/2-1/2"]
[BlackTitle "FM"]
[WhiteElo "2132"]
[BlackElo "2333"]
[WhiteFideId "2500493"]
[BlackFideId "2500434"]
[EventDate "2014.07.05"]
[EventType "swiss"]

1. d4 d6 2. c4 g6 3. Nc3 Bg7 4. Nf3 Bg4 5. e3 Nf6 6. Be2 O-O 7. O-O c6 8. h3
Bxf3 9. Bxf3 Nbd7 10. b4 e5 11. b5 Qc7 12. bxc6 bxc6 13. Qa4 Rac8 14. Rb1 Rfe8
15. Qa6 Nb8 16. Qb7 Nfd7 17. Ba3 Bf8 18. Ne4 c5 19. dxc5 dxc5 20. Rfd1 Re6 21.
Ng5 Re7 22. Ne4 Re6 23. Ng5 Re7 24. Ne4 Nb6 25. Qxc7 Rexc7 26. Nf6+ Kg7 27. Nd5
Nxd5 28. Bxd5 Nd7 29. Rb3 Nb6 30. Bb2 Nxd5 31. Rxd5 f6 32. f4 exf4 33. exf4 Re8
34. Rbd3 Kf7 35. Rd7+ Re7 36. Rxc7 Rxc7 37. Kf2 Rb7 38. Rb3 Rd7 39. Kf3 h5 40.
g4 hxg4+ 41. hxg4 Be7 42. Ke4 Rd1 43. Rb7 Re1+ 44. Kd5 Rd1+ 45. Ke4 Re1+ 1/2-1/2

[Event "ch-IRL 2014"]
[Site "Dublin IRL"]
[Date "2014.07.06"]
[Round "2.5"]
[White "Short, Philip M"]
[Black "Harding, Tim D"]
[Result "1-0"]
[WhiteTitle "FM"]
[WhiteElo "2274"]
[BlackElo "2126"]
[WhiteFideId "2500086"]
[BlackFideId "2500256"]
[EventDate "2014.07.05"]
[EventType "swiss"]

1. d4 d5 2. Nf3 Bf5 3. c4 e6 4. Nc3 c6 5. Qb3 Qb6 6. c5 Qxb3 7. axb3 Na6 8. Bf4
f6 9. e3 Nb4 10. Kd2 g5 11. Bg3 h5 12. h4 g4 13. Ne1 Rh7 14. Ra4 a5 15. Nd3 Nxd3
16. Bxd3 Nh6 17. Rha1 Bxd3 18. Kxd3 Nf5 19. Ne2 Bh6 20. Rxa5 Rxa5 21. Rxa5 Rd7
22. b4 e5 23. b5 e4+ 24. Kc3 Ne7 25. Bf4 Bg7 26. b6 Ng6 27. g3 Nf8 1-0

[Event "ch-IRL 2014"]
[Site "Dublin IRL"]
[Date "2014.07.06"]
[Round "2.6"]
[White "O'Donnell, Conor"]
[Black "Redmond, John P."]
[Result "0-1"]
[WhiteElo "2122"]
[BlackElo "2259"]
[WhiteFideId "2504243"]
[BlackFideId "2500051"]
[EventDate "2014.07.05"]
[EventType "swiss"]

1. e4 e6 2. d4 d5 3. Nc3 Bb4 4. e5 Ne7 5. a3 Bxc3+ 6. bxc3 c5 7. Qg4 cxd4 8.
Qxg7 Rg8 9. Qxh7 Qc7 10. Ne2 Nbc6 11. f4 dxc3 12. Qd3 d4 13. Nxd4 Nxd4 14. Qxd4
Bd7 15. Rb1 Nf5 16. Qf2 Bc6 17. Rg1 O-O-O 18. Rb4 Qd7 19. Bd3 Qd5 20. Rc4 Kb8
21. Rc5 Qa2 22. Rxc3 Qa1 23. Kd2 Nd4 24. Rc4 Bb5 25. Rb4 Bxd3 26. cxd3 Qa2+ 27.
Bb2 Nc6 28. Rb5 Qc4 29. Rxb7+ Kxb7 30. Qe2 Rxd3+ 31. Qxd3 Rd8 32. Qxd8 Qxf4+ 33.
Ke2 Nxd8 34. h3 Nc6 35. Rf1 Qe4+ 0-1

[Event "ch-IRL 2014"]
[Site "Dublin IRL"]
[Date "2014.07.06"]
[Round "2.7"]
[White "Jessel, Stephen"]
[Black "Killane, Jack"]
[Result "1-0"]
[WhiteTitle "FM"]
[WhiteElo "2321"]
[BlackElo "1934"]
[WhiteFideId "628859"]
[BlackFideId "2500949"]
[EventDate "2014.07.05"]
[EventType "swiss"]

1. Nf3 Nf6 2. c4 e6 3. g3 d5 4. Bg2 Be7 5. O-O O-O 6. b3 b6 7. Bb2 Bb7 8. e3 c5
9. Nc3 Nc6 10. cxd5 exd5 11. d4 cxd4 12. Nxd4 Nxd4 13. Qxd4 Bc5 14. Qd3 Qd7 15.
Rfd1 Rad8 16. Nb5 Ba6 17. a4 Qe6 18. Qc3 Bxb5 19. axb5 Rd7 20. Rd3 Rfd8 21. Rad1
Bf8 22. Qe5 h6 23. Rc1 Qg4 24. Qd4 Qe6 25. Rc6 Qf5 26. h3 Bc5 27. Qc3 Qg6 28.
Qd2 Be7 29. Qd1 Qf5 30. g4 Qg6 31. Bxf6 Bxf6 32. Bxd5 h5 33. e4 Kf8 34. e5 hxg4
35. hxg4 Qg5 36. exf6 Rxd5 37. Rxd5 Qxd5 38. Qxd5 Rxd5 39. Rc8+ 1-0

[Event "ch-IRL 2014"]
[Site "Dublin IRL"]
[Date "2014.07.06"]
[Round "2.9"]
[White "O'Connor, Jonathan"]
[Black "Murray, David"]
[Result "1/2-1/2"]
[WhiteElo "2150"]
[BlackElo "2141"]
[WhiteFideId "2501112"]
[BlackFideId "2501511"]
[EventDate "2014.07.05"]
[EventType "swiss"]

1. e4 c5 2. Nf3 d6 3. d4 cxd4 4. Nxd4 Nf6 5. Nc3 Nc6 6. Bg5 e6 7. Qd3 a6 8. Rd1
Qa5 9. Bc1 Bd7 10. Be2 Rd8 11. Nb3 Qc7 12. Qg3 e5 13. O-O Be6 14. Bg5 Nb4 15.
Rd2 Be7 16. Rfd1 Nxa2 17. Bxf6 Nxc3 18. Qxg7 Nxe2+ 19. Rxe2 Bxf6 20. Qxf6 Rg8
21. Red2 Qe7 22. Qxe7+ Kxe7 23. f3 b6 24. Nc1 Rd7 25. Ne2 Rc8 26. Ng3 Rc5 27.
Nf1 d5 28. exd5 Rcxd5 29. Rxd5 Rxd5 30. Rxd5 Bxd5 31. Kf2 a5 32. Nd2 a4 33. Ke3
Kd6 34. g3 b5 35. c3 Kc5 36. f4 f6 37. fxe5 fxe5 38. g4 h6 39. h4 Kd6 40. Ne4+
Ke7 41. g5 hxg5 42. Nxg5 Kf6 43. Nf3 Kf5 44. h5 Bf7 45. h6 Bg8 46. Nd2 Bh7 47.
Ne4 Kg6 48. Nd6 Kxh6 49. Nxb5 Kg5 50. c4 Kf6 51. Kd2 Ke7 52. Kc3 Kd7 53. Kb4 Bc2
54. Kc5 Be4 55. Nc3 Bc6 56. Nd1 Bg2 57. Ne3 Bf3 58. Kb5 Bc6+ 59. Kc5 Bf3 60. Kb5
Bc6+ 61. Kb6 Ba8 62. c5 e4 63. Kb5 Bc6+ 64. Kc4 Bb7 65. Nc2 Ba6+ 66. Kd4 Bb7 67.
Kc4 Ba6+ 68. Kb4 Kc6 69. Ne3 Bc8 70. Kc4 1/2-1/2

[Event "ch-IRL 2014"]
[Site "Dublin IRL"]
[Date "2014.07.06"]
[Round "2.10"]
[White "Cafolla, Peter"]
[Black "Freeman, Gordon"]
[Result "1-0"]
[WhiteElo "1994"]
[BlackElo "2077"]
[WhiteFideId "2500884"]
[BlackFideId "2501309"]
[EventDate "2014.07.05"]
[EventType "swiss"]

1. d4 d5 2. c4 c6 3. Nf3 Nf6 4. Nc3 dxc4 5. a4 Bf5 6. Nh4 Be6 7. e4 Na6 8. Nf3
g6 9. Ne5 Nb4 10. Be3 Bg7 11. f3 O-O 12. Bxc4 Bxc4 13. Nxc4 Nd7 14. O-O Nb6 15.
Na3 e5 16. dxe5 Bxe5 17. f4 Bc7 18. Bc5 Nd3 19. Bxf8 Qd4+ 20. Kh1 Rxf8 21. Qd2
Rd8 22. Rad1 Nxa4 23. Qxd3 Qxd3 24. Rxd3 Rxd3 25. Nxa4 Bxf4 26. Nc5 Rd4 27. Nxb7
Rxe4 28. Na5 Be5 29. b3 g5 30. Nxc6 Bd6 31. Nb5 Bc5 32. Nbxa7 f5 33. Rb1 f4 34.
b4 Bb6 35. Nc8 Bc7 36. b5 g4 37. b6 f3 38. gxf3 gxf3 39. bxc7 1-0

[Event "ch-IRL 2014"]
[Site "Dublin IRL"]
[Date "2014.07.06"]
[Round "2.11"]
[White "Fox, Anthony"]
[Black "Reynolds, Pat"]
[Result "1/2-1/2"]
[WhiteElo "2059"]
[BlackElo "1990"]
[WhiteFideId "2500736"]
[BlackFideId "2501392"]
[EventDate "2014.07.05"]
[EventType "swiss"]

1. e4 c5 2. Nc3 Nc6 3. g3 g6 4. Bg2 Bg7 5. d3 Nf6 6. Be3 d6 7. h3 O-O 8. Nge2
Rb8 9. O-O b5 10. Qd2 b4 11. Nd1 Re8 12. f4 Qc7 13. g4 a5 14. Ng3 Nd7 15. c3 Ba6
16. Rc1 a4 17. c4 Nd4 18. g5 Bb7 19. h4 Rf8 20. Rb1 Bc6 21. Nf2 b3 22. a3 Nc2
23. Kh1 Qb7 24. Ng4 f5 25. gxf6 1/2-1/2

[Event "ch-IRL 2014"]
[Site "Dublin IRL"]
[Date "2014.07.06"]
[Round "2.12"]
[White "Bourached, Anthony"]
[Black "Benson, Oisin P."]
[Result "0-1"]
[WhiteElo "1965"]
[BlackElo "2040"]
[WhiteFideId "2504456"]
[BlackFideId "2501821"]
[EventDate "2014.07.05"]
[EventType "swiss"]

1. e4 c5 2. Nf3 d6 3. d4 cxd4 4. Nxd4 Nf6 5. Nc3 a6 6. Be2 e5 7. Nb3 Be7 8. a4
b6 9. O-O Bb7 10. Bf3 Nbd7 11. Qe2 O-O 12. Rd1 Rc8 13. Bd2 Qc7 14. Be1 Rfd8 15.
Nd2 Nc5 16. Nf1 Qc6 17. Ng3 Bf8 18. Bd2 h6 19. Be3 Qc7 20. Rd2 Kh7 21. Bg4 Ra8
22. f3 d5 23. exd5 Nxd5 24. Nxd5 Bxd5 25. Bf2 g6 26. Rad1 Bc6 27. Rxd8 Rxd8 28.
Rxd8 Qxd8 29. b3 f5 30. Bh3 Qd6 31. Nf1 b5 32. axb5 axb5 33. Ne3 Ne6 34. g3 Nd4
35. Qd1 Nxf3+ 36. Kf1 Nxh2+ 37. Kg1 Nf3+ 38. Kf1 Qxd1+ 39. Nxd1 Ng5 40. Bg2
Bxg2+ 41. Kxg2 Ne4 42. Bb6 g5 43. Nf2 Nxf2 44. Kxf2 Kg6 45. c4 b4 46. c5 Kf6 47.
c6 Ke6 48. Ba5 Bc5+ 49. Ke2 e4 0-1